The Provensen book of fairy tales / (Record no. 1756)

MARC details
000 -LEADER
fixed length control field 02390cam a2200433 i 4500
001 - CONTROL NUMBER
control field data
005 - DATE AND TIME OF LATEST TRANSACTION
control field 20260322212116.0
008 - FIXED-LENGTH DATA ELEMENTS--GENERAL INFORMATION
fixed length control field data
035 ## - SYSTEM CONTROL NUMBER
System control number 21852951
010 ## - LIBRARY OF CONGRESS CONTROL NUMBER
LC control number 2020057928
020 ## - INTERNATIONAL STANDARD BOOK NUMBER
International Standard Book Number 9781681375823
Qualifying information acid-free paper)
-- acid-free paper)
020 ## - INTERNATIONAL STANDARD BOOK NUMBER
Canceled/invalid ISBN 9781681376042
Qualifying information (ebook)
040 ## - CATALOGING SOURCE
Original cataloging agency DLC
Language of cataloging eng
Description conventions rda
Transcribing agency DLC
Modifying agency DLC
042 ## - AUTHENTICATION CODE
Authentication code lcac
-- lcac
050 00 - LIBRARY OF CONGRESS CALL NUMBER
Classification number PZ8.P96
Item number Pr 2021
082 00 - DEWEY DECIMAL CLASSIFICATION NUMBER
Classification number [Fic]
Edition information 23
100 1# - MAIN ENTRY--PERSONAL NAME
Personal name Provensen, Alice,
Relator term illustrator.
-- illustrator.
245 14 - TITLE STATEMENT
Title The Provensen book of fairy tales /
Statement of responsibility, etc. compiled and illustrated by Alice and Martin Provensen.
264 #1 - PRODUCTION, PUBLICATION, DISTRIBUTION, MANUFACTURE, AND COPYRIGHT NOTICE
Place of production, publication, distribution, manufacture New York :
Name of producer, publisher, distributor, manufacturer New York Review of Books,
Date of production, publication, distribution, manufacture, or copyright notice [2021]
300 ## - PHYSICAL DESCRIPTION
Extent 138 pages :
Other physical details color illustrations ;
Dimensions 29 cm
336 ## - CONTENT TYPE
Content type term text
Content type code txt
Source rdacontent
336 ## - CONTENT TYPE
Content type term still image
Content type code sti
Source rdacontent
337 ## - MEDIA TYPE
Media type term unmediated
Media type code n
Source rdamedia
338 ## - CARRIER TYPE
Carrier type term volume
Carrier type code nc
Source rdacarrier
490 0# - SERIES STATEMENT
Series statement [New York Review Children's Collection]
500 ## - GENERAL NOTE
General note Originally published: New York : Random House, 1971.
505 0# - FORMATTED CONTENTS NOTE
Formatted contents note The lost half-hour / by Henry Beston -- The nightingale / by Hans Christian Andersen -- Beauty and the beast / by Arthur Rackham -- Feather o' my wing / by Seumas Macmanus -- The seven Simons / by Ruth Manning-Sanders -- The prince and the goose girl / by Elinor Mordaunt -- The forest bride / by Parker Fillmore -- Prince Rabbit / by A. A. Milne -- The three wishes / by Barbara Leonie Picard -- The Swan Maiden / by Howard Pyle -- The dreamer / by Katharine Pyle -- The Happy Prince / by Oscar Wilde.
520 ## - SUMMARY, ETC.
Summary, etc. A collection of twelve well-known fairy tales, retellings, and newly-imagined tales, collected and illustrated by the award-winning husband-and-wife author-illustrator team, Alice and Martin Provensen.
521 ## - TARGET AUDIENCE NOTE
Target audience note Ages 8-12.
Source New York Review Books.
521 ## - TARGET AUDIENCE NOTE
Target audience note Grades 4-6.
Source New York Review Books.
650 #0 - SUBJECT ADDED ENTRY--TOPICAL TERM
Topical term or geographic name entry element Fairy tales.
650 #1 - SUBJECT ADDED ENTRY--TOPICAL TERM
Topical term or geographic name entry element Fairy tales.
655 #7 - INDEX TERM--GENRE/FORM
Genre/form data or focus term Fairy tales.
Source of term lcgft
700 1# - ADDED ENTRY--PERSONAL NAME
Personal name Provensen, Martin,
Relator term illustrator.
-- illustrator.
776 08 - ADDITIONAL PHYSICAL FORM ENTRY
Relationship information Online version:
Main entry heading Provensen, Alice.
Title The Provensen book of fairy tales.
Place, publisher, and date of publication New York : New York Review Books, [2021]
International Standard Book Number 9781681376042
Record control number (DLC) 2020057929
906 ## - LOCAL DATA ELEMENT F, LDF (RLIN)
a 7
b cbc
c orignew
d 1
e ecip
f 20
g y-gencatlg
925 0# -
-- acquire
-- 1 shelf copy
-- policy default
955 ## - COPY-LEVEL INFORMATION (RLIN)
-- xk04 2025-05-29 to CMD
Holdings
Withdrawn status Lost status Damaged status Not for loan Home library Current library Shelving location Date acquired Total checkouts Full call number Barcode Date last seen Price effective from Koha item type
        Fairview Fairview General stacks 22/03/2026   [Fic] LOC-FPL-00041 22/03/2026 22/03/2026 Books